01103cam a22002895a 4500001001000000003000400010005001700014008004100031020002500072020002200097040004700119082001700166245008100183250004300264260005500307300003600362500002400398504003100422650005700453650004600510653002500556700003200581700002700613942000800640999001700648952014800665013639231OSt20160228115634.0070108t2008 nyua frb 001 0 eng d a9780071101844 (pbk.) a0071101845 (pbk.) aStDuBDSbengcStDuBDSdUkOxUdUkdEG-ScBUE04a175222bMED00aMedia ethics :bissues and cases /c[editors] Philip Patterson, Lee Wilkins. a6th ed., McGraw-Hill international ed. aNew York :bMcGraw-Hill Higher Education,cc.2008. axviii, 366 p. :bill. ;c23 cm. aIndex : p. 361-366. aBibliography : p. 349-360. 7aMass mediaxMoral and ethical aspects.2BUEsh937823 0aCommunicationxMoral and ethical aspects. bCOMAMEcFebruary20161 aPatterson, Philip,eeditor.1 aWilkins, Lee,eeditor. 2ddc c21261d21233 00102ddc40708IqraaaMAINbMAINcLOWd2016-02-28ePurchaseg360.00h3741l1o175 MEDp000031739r2025-07-15 00:00:00s2019-10-22v450.00yBB